00958cam a2200313 a 450000100060000000300100000600500170001600700030003300800410003602000150007704000120009204100080010404300120011208200290012410000360015324000340018924500810022325000180030430000290032233600270035133700330037833800280041165000340043965000310047365000320050465000310053665000400056765100370060759721CO-BoRNBP20251029212013.0ta000602s1999 ck a r 00011dspa d a9588051479 ala cla0 aspa as-ck---04aCo861.6 bC67d3 219 ed.1 aCorrea Losada, Antonio, d1950- 0aHuila-Bibliografía regional10aDesolación de la lluvia : bpoemas del Amazonas / cAntonio Correa Losada. a1a. edición a37 p. : bil. ; c21 cm. 2rdacontentatextobtxt 2rdamediaasin mediaciónbn 2rdacarrieravolumenbnc 7aPoesía colombiana.2BLAAUTO 7aNochevPoesías.2BLAAUTO 7aLluviavPoesías.2BLAAUTO 7aPoesía amorosa.2BLAAUTO 7aNaturaleza en la poesía.2BLAAUTO 7aAmazonas (Colombia)v Poesías.